Katalytická konverzia lignínu za účelom selektívnej prípravy cenných zlúčenín diplomová práca

Na minha lista:
Detalhes bibliográficos
Autor principal: Chupáčová, Nikola
Formato: Livro
Idioma:eslovaco
Publicado em: Bratislava STU FCHPT 2018
Acesso em linha:View in OPAC
Tags: Adicionar Tag
Sem tags, seja o primeiro a adicionar uma tag!

MARC

LEADER 00000nam a2200000 a 4500
005 20260127134126.0
008 180817 2018 xo a 001 0 slo d
035 |a vtls011773073 
039 9 |y 201808171022  |z mschk03 
040 |a STUSCHK1  |b slo  |c STUSCHK1  |e AACR2 
100 1 |a Chupáčová, Nikola 
245 1 |a Katalytická konverzia lignínu za účelom selektívnej prípravy cenných zlúčenín  |b diplomová práca  |c Nikola Chupáčová 
260 |a Bratislava  |b STU FCHPT  |c 2018 
300 |a 89 s.  |b il.  |c 25 cm 
500 |a Študijný program: prírodné a syntetické polyméry 
500 |a Študijný odbor: chemické technológie 
500 |a Školiace pracovisko: Oddelenie dreva, celulózy a papiera 
500 |a Evid. číslo: FCHPT-13576-65050 
910 |a SCHK95 
999 |c 4639  |d 4639